000
00309nam a2200121Ia 4500
008
220204s9999 xx 000 0 und d
082
_a
07.011
_b
ARJ;1
100
_a
Arjman Chand Goel
245
0
_a
Theory and practice of composition
250
_a
2
260
_a
Chandigarh
_b
Ishvar Chander
_c
1964
942
_c
BK
999
_c
39613
_d
39613